<?xml version="1.0" encoding="UTF-8"?>
<record
    xmlns:xsi="http://www.w3.org/2001/XMLSchema-instance"
    xsi:schemaLocation="http://www.loc.gov/MARC21/slim http://www.loc.gov/standards/marcxml/schema/MARC21slim.xsd"
    xmlns="http://www.loc.gov/MARC21/slim">

  <leader>00505nam a22001817a 4500</leader>
  <controlfield tag="005">20230906103704.0</controlfield>
  <controlfield tag="008">230906b        |||||||| |||| 00| 0 eng d</controlfield>
  <datafield tag="020" ind1=" " ind2=" ">
    <subfield code="a">978-1-4963-0909-9</subfield>
  </datafield>
  <datafield tag="041" ind1=" " ind2=" ">
    <subfield code="a">eng</subfield>
  </datafield>
  <datafield tag="082" ind1=" " ind2=" ">
    <subfield code="a">612.044</subfield>
  </datafield>
  <datafield tag="100" ind1=" " ind2=" ">
    <subfield code="a"> McARDLE, WILLIAM D. AND KATCH, FRANK L.  &amp; KATCH, VICTOR L</subfield>
    <subfield code="9">8179</subfield>
  </datafield>
  <datafield tag="245" ind1=" " ind2=" ">
    <subfield code="a">ESSENTIALS OF EXERCISE PHYSIOLOGY </subfield>
  </datafield>
  <datafield tag="250" ind1=" " ind2=" ">
    <subfield code="a">5TH ED,  2016</subfield>
  </datafield>
  <datafield tag="260" ind1=" " ind2=" ">
    <subfield code="a">PHILADELPHIA</subfield>
    <subfield code="b">WOLTERS KLUWER</subfield>
    <subfield code="c">2016</subfield>
  </datafield>
  <datafield tag="300" ind1=" " ind2=" ">
    <subfield code="a">702, P</subfield>
  </datafield>
  <datafield tag="650" ind1=" " ind2=" ">
    <subfield code="a">PHYSIOTHERAPY</subfield>
    <subfield code="9">8180</subfield>
  </datafield>
  <datafield tag="942" ind1=" " ind2=" ">
    <subfield code="c">BK</subfield>
  </datafield>
  <datafield tag="999" ind1=" " ind2=" ">
    <subfield code="c">8416</subfield>
    <subfield code="d">8414</subfield>
  </datafield>
  <datafield tag="952" ind1=" " ind2=" ">
    <subfield code="0">0</subfield>
    <subfield code="1">0</subfield>
    <subfield code="4">0</subfield>
    <subfield code="7">0</subfield>
    <subfield code="8">PHYSIOTHERAPY</subfield>
    <subfield code="a">JRU</subfield>
    <subfield code="b">JRU</subfield>
    <subfield code="c">SHELF-20-B</subfield>
    <subfield code="d">2023-09-06</subfield>
    <subfield code="e">PURCHASE [LBI]</subfield>
    <subfield code="g">10995.00</subfield>
    <subfield code="h">5TH ED.</subfield>
    <subfield code="l">1</subfield>
    <subfield code="o">612.044</subfield>
    <subfield code="p">27965</subfield>
    <subfield code="r">2024-08-12 13:42:53</subfield>
    <subfield code="s">2024-07-18</subfield>
    <subfield code="w">2023-09-06</subfield>
    <subfield code="y">BK</subfield>
  </datafield>
  <datafield tag="952" ind1=" " ind2=" ">
    <subfield code="0">0</subfield>
    <subfield code="1">0</subfield>
    <subfield code="4">0</subfield>
    <subfield code="7">0</subfield>
    <subfield code="8">PHYSIOTHERAPY</subfield>
    <subfield code="a">JRU</subfield>
    <subfield code="b">JRU</subfield>
    <subfield code="c">SHELF-20-B</subfield>
    <subfield code="d">2023-09-06</subfield>
    <subfield code="e">PURCHASE [LBI]</subfield>
    <subfield code="g">10995.00</subfield>
    <subfield code="h">5TH ED.</subfield>
    <subfield code="l">2</subfield>
    <subfield code="o">612.044</subfield>
    <subfield code="p">27966</subfield>
    <subfield code="r">2024-07-18 13:41:51</subfield>
    <subfield code="s">2024-07-17</subfield>
    <subfield code="w">2023-09-06</subfield>
    <subfield code="y">BK</subfield>
  </datafield>
</record>
